000 00686nam a2200229Ia 4500
001 3219
003 GE_BSU
008 181216s||||||||xx |||||||||||||| ||und||
040 _cGE_BSU
080 _a628.2(075.8)
100 _aЖуков,А.И. Карелин,Я.А. Колобанов,С.К. Яковлев,С.В.
245 _aКанализация.
245 _bУчебник для вузов.
245 _cПод.Ред.А.И.Жукова.
250 _aИзд 4-ое, перераб.и дополненное.
260 _aМ.
260 _bСтройиздат.
260 _c1969.
300 _a590стр.26см.
653 _aКанализация.
942 _cBK
999 _c37260
_d37260